Wheat-Producing Countries - Sudden Death - Statistics

General Stats
  • This quiz has been taken 35 times
  • The average score is 17 of 20
Answers on the Grid
Answers color-coded by a green-red scale on the quiz's grid according to % correct below.
China
Saudi Arabia
India
Kuwait
United Arab Emirates
Russia
United States
Qatar
Australia
Bahrain
France
Oman
Canada
Pakistan
Libya
Ukraine
Maldives
Germany
Turkey
Monaco
Argentina
Nauru
Tuvalu
Palau
Kazakhstan
Poland
Marshall Islands
Italy
Kiribati
United Kingdom
Seychelles
Singapore
Iran
Dominica
Romania
Saint Kitts and Nevis
Egypt
Fiji
Spain
 
Answer Stats
Answer % Correct
China
100%
United States
94%
Germany
90%
India
90%
Russia
90%
Turkey
90%
Argentina
87%
Canada
87%
Egypt
87%
France
87%
Poland
87%
Spain
87%
Australia
84%
Italy
84%
Kazakhstan
84%
Romania
81%
Ukraine
81%
United Kingdom
81%
Pakistan
77%
Iran
68%
No matching quizzes found
Score Distribution
Percent of People with Each Score
Percentile by Number Answered
Your Score History
You have not taken this quiz